| 000 | 01121nam a2200265 i 4500 | ||
|---|---|---|---|
| 001 | 136018 | ||
| 003 | ES-MaACL | ||
| 005 | 20250920063101.0 | ||
| 007 | t| | ||
| 008 | 161025s1928 sp f |||| |dspa d | ||
| 080 | _a929 Juana Inés de la Cruz, Sor | ||
| 080 | _a821.134.2(72) Juana Inés de la Cruz, Sor 1.07 | ||
| 100 | 1 |
_aNervo, Amado, _d1870-1919 _985404 |
|
| 245 | 1 | 0 |
_aJuana de Asbaje _b: (contribución al centenario de la independencia de México) / _cAmado Nervo ; [texto al cuidado de Alfonso Reyes ; ilustraciones de Marco]. |
| 260 |
_aMadrid : _bBiblioteca Nueva, _c[1928] |
||
| 300 |
_a238 p., [5] h. de lám. ; _c19 cm. |
||
| 490 | 1 |
_aObras completas de Amado Nervo ; _v8 |
|
| 596 | _aEjemp. n. 004. | ||
| 600 | 0 | 4 |
_aJuana Inés de la Cruz, _cSor, _d1651-1695 _967141 |
| 700 | 1 |
_aReyes, Alfonso, _d1889-1959 _996554 |
|
| 700 | 1 |
_aMarco, Fernando. _976462 |
|
| 830 | 0 |
_aObras completas de Amado Nervo ; _v8 _9181423 |
|
| 852 |
_aES-MaACL _jA-5038 _z- Enc. tela roja _z. - Donat. de la Junta de Intercambio y Adquisición de Libros para Bibliotecas Públicas |
||
| 999 |
_c136018 _d136018 |
||